1715 1168 1937 1414 1782 1225 1684 1819 1576 1822 1090 1092 1651 1465 1078 1238 1095 1846 1356 1463 1357 1255 1094 1350 1591 1023 1559 1481 1370 1779 1105 1240 1424 1232 1345 1918 1384 1744 1246 1148 1265 1518 1288 1033 1945 1105 1830 1251 1432 1032 1179 1481 1124 1042 1317 1208 1362 1408 1726 1308 1253 1721 1760 1336 1456 1970 1319 1199 1675 1815 1431 1576 1750 1444 1425 1146 1166 1761 1840 1117 1465 1931 1538 1229 1370 1205 1066 1596 1764 1292 1793 1867 1305 1885 1725 1440 1090 1976 1500 BCNSPRNW ULIB Ver.6.0+V

เปลี่ยนเป็นภาษาไทย

Change to English
 แสดงรายละเอียดบรรณานุกรม
  กลับหน้าหลัก

Brief Record : Get Marc (ISO 2709) : E-mail record : QR code < ปิดหน้าต่าง
LEADER : 00000nam 2200000uu 4500
001    13399128775
003     ULIB
008    240905s2566||||th 000 0 tha d
020    ^a9786164262980
060 04 ^aWS205^bว276ก
245 00 ^aการช่วยกู้ชีพในเด็กและทารกแรกเกิด(ฉบับปรับปรุง) =^bPediatric and neonatalresuscitation /^cวรวรรณ จิตต์ธรรม, บรรณาธิการ
246 31 ^aPediatric and neonatal resuscitation
250    ^aพิมพ์ครั้งที่ 3
260    ^aพิษณุโลก :^bสำนักพิมพ์มหาวิทยาลัยนเรศวร,^c2566
300    ^a312 หน้า :^bภาพประกอบ ;^c26 ซม.
650  4 ^aการช่วยให้ฟื้น
650  4 ^aทารกแรกเกิด, โรค
700 0  ^aวรวรรณ จิตต์ธรรม,^eบรรณาธิการ
945    ^p450^l0^i30244
945    ^p450^l0^i30245
945    ^p450^l0^i30246
999    ^aกัณชพร จุลอักษร
รายการนี้ยังไม่มีแท็ก
คุณยังไม่ได้ล็อกอิน คุณสามารถมีกิจกรรมร่วมกับเว็บไซต์ได้ แต่ต้องล็อกอินก่อน ::
  ล็อกอิน

รายการสื่อสารสนเทศ

ลำดับที่ ประเภท เลขเรียก/บาร์โค้ด สถานที่ สถานะ
1. หนังสือสำรอง
หนังสือสำรอง
WS205 ว276ก ฉ.1 
  Barcode: 30244
ห้องสมุดวิทยาเขตนครสวรรค์
►หนังสือทั่วไป:l:General Books
บนชั้น
2. วิทยาศาสตร์การแพทย์ และสุขภาพ
วิทยาศาสตร์การแพทย์ และสุขภาพ
WS205 ว276ก ฉ.2 
  Barcode: 30245
ห้องสมุดวิทยาเขตนครสวรรค์
►หนังสือทั่วไป:l:General Books
บนชั้น
3. วิทยาศาสตร์การแพทย์ และสุขภาพ
วิทยาศาสตร์การแพทย์ และสุขภาพ
WS205 ว276ก ฉ.3 
  Barcode: 30246
ห้องสมุดวิทยาเขตนครสวรรค์
►หนังสือทั่วไป:l:General Books
บนชั้น

รายการใกล้เคียง
    หัวเรื่อง [การช่วยให้ฟื้น]
    หัวเรื่อง [ทารกแรกเกิด, โรค]

BibComment


ยังไม่เคยถูกคอมเมนท์

คอมเมนท์ทรัพยากรรายการนี้
  คอมเมนท์: การช่วยกู้ชีพในเ..


 Copyright 2026. Bcnsprnw @Library